LEADER 02764nam 2200649 a 450 001 9910457541203321 005 20200520144314.0 010 $a1-283-95226-2 010 $a1-78042-806-5 035 $a(CKB)2550000000088880 035 $a(EBL)887074 035 $a(OCoLC)817923306 035 $a(SSID)ssj0000652376 035 $a(PQKBManifestationID)12234685 035 $a(PQKBTitleCode)TC0000652376 035 $a(PQKBWorkID)10641677 035 $a(PQKB)11557409 035 $a(MiAaPQ)EBC887074 035 $a(PPN)198055765 035 $a(Au-PeEL)EBL887074 035 $a(CaPaEBR)ebr10532438 035 $a(CaONFJC)MIL426476 035 $a(EXLCZ)992550000000088880 100 $a20110609d2011 uy 0 101 0 $aeng 135 $aur|n|---||||| 181 $ctxt 182 $cc 183 $acr 200 14$aThe Fauves$b[electronic resource] /$fNathalia Brodskai?a 210 $aNew York $cParkstone Press International$d[2011?] 215 $a1 online resource (200 p.) 225 1 $aArt of century collection 300 $aIncludes index. 311 $a1-84484-847-7 320 $aIncludes bibliographical references and index. 327 $aA history of Fauvism -- Henri Matisse -- Maurice de Vlaminck -- Andre Derain -- Albert Marquet -- Raoul Dufy -- Othon Friesz -- Henri Manguin -- Kees Van Dongen -- Georges Rouault --Jean Puy -- Louis Valtat -- Henri Le Fauconnier -- Rene Seyssaud -- Auguste Chabaud -- Georges Dupuis -- Henri Lebasque -- Pierre Girieud. 330 $aBorn at the dawn of the 20th century, Fauvism burst onto the artistic scene at the 1905 Salon d'Automne with great controversy by throwing bright, vibrant colours in the face of artistic convention. Fuelled by change, artists like Matisse, Derain, and Vlaminck searched for a new chromatic language by using colour out of its habitual context. Freed from the strict technique advocated by the E?cole des Beaux-Arts, they used blocky colours as their main resource, saturating their stunning paintings. The author invites us to experience this vivid artistic evolution that, although encompassing a sho 410 0$aArt of century collection. 606 $aFauvism 606 $aPainting, Modern$y20th century 606 $aFauvism$vPictorial works 606 $aPainting, Modern$y20th century$vPictorial works 608 $aElectronic books. 615 0$aFauvism. 615 0$aPainting, Modern 615 0$aFauvism 615 0$aPainting, Modern 676 $a709.04/043 700 $aBrodskai?a$b N. V$g(Natal?i?a Valentinovna)$0863734 801 0$bMiAaPQ 801 1$bMiAaPQ 801 2$bMiAaPQ 906 $aBOOK 912 $a9910457541203321 996 $aThe Fauves$92448311 997 $aUNINA LEADER 01416nam2 2200313 i 450 001 VAN0065156 005 20221206020706.628 010 $a978-35-404-0633-4 100 $a20080722d2004 |0itac50 ba 101 $aeng 102 $aDE 105 $a|||| ||||| 200 0 $a2. / Vladimir A. Zorich. - B$fin [etc.] : Spring 210 410 1$1001VAN0024506$12001 $aUniversitext$1210 $aBerlin [etc]$cSpringer 461 1$1001VAN0065154$12001 $aMathematical analysis$fVladimir A. Zorich$1210 $aBerlin [etc.]$cSpringer$1215 $a2 volumi$d24 cm$v2 500 1$3VAN0235107$aMatematicheskij Analiz. Chast? II$92440492 606 $a26-XX$xReal functions [MSC 2020]$3VANC019778$2MF 606 $a00A05$xMathematics in general [MSC 2020]$3VANC021796$2MF 620 $dBerlin$3VANL000066 700 1$aZorich$bVladimir A.$3VANV051823$0150862 712 $aSpringer$3VANV108073$4650 801 $aIT$bSOL$c20221209$gRICA 856 4 $u/sebina/repository/catalogazione/documenti/Zorich - Mathematical analysis II.pdf$zZorich - Mathematical analysis II.pdf 899 $aBIBLIOTECA DEL DIPARTIMENTO DI MATEMATICA E FISICA$1IT-CE0120$2VAN08 912 $aVAN0065156 950 $aBIBLIOTECA DEL DIPARTIMENTO DI MATEMATICA E FISICA$d08PREST 26-XX 4991 $e08 8223 II 20080804 996 $aMatematicheskij Analiz. Chast? II$92440492 997 $aUNISOB LEADER 05386 am 2200997 n 450 001 9910416468403321 005 20200127 010 $a2-8107-0947-5 024 7 $a10.4000/books.pumi.32311 035 $a(CKB)4100000011289012 035 $a(FrMaCLE)OB-pumi-32311 035 $a(oapen)https://directory.doabooks.org/handle/20.500.12854/61233 035 $a(PPN)248497618 035 $a(EXLCZ)994100000011289012 100 $a20200608j|||||||| ||| 0 101 0 $afre 135 $auu||||||m|||| 181 $ctxt$2rdacontent 182 $cc$2rdamedia 183 $acr$2rdacarrier 200 10$aLa transmission de savoirs licites et illicites dans le monde hispanique péninsulaire (XIIe au XVIIe siècles) $eHommage à André Gallego /$fLuis González Fernández, Teresa Rodríguez 210 $aToulouse $cPresses universitaires du Midi$d2020 215 $a1 online resource (576 p.) 311 $a2-912025-75-3 330 $aCes pages que nous dédions à notre cher collègue André Gallego sont en grande partie le fruit d?un colloque sur la « Transmission de savoirs liâtes et illicites dans le monde hispanique (XIIe-XVIIe siècles) » qui a eu lieu à l?Université de Toulouse les 19, 20 et 21 mai 2008. Nous avons pu compter sur la participation de spécialistes issus de différentes disciplines universitaires, notamment des domaines de la littérature, la littérature comparée, l?histoire et l?histoire de l?art, ce qui nous a permis de créer un lieu d?échange interdisciplinaire pour les chercheurs des diverses équipes de l?UTM ainsi que pour un nombre important d?invités venus autres universités françaises et étrangères. À ce premier groupe de chercheurs sont venus s?ajouter d?autres collègues qui ont souhaité témoigner leur amitié pour André Gallego et lui rendre hommage. Le volume inclut également les actes de journée d?étude organisée par Teresa Rodriguez. « Avatars de la transmission », que nous avons décidé de publier en fin de volume. Transmission : c?est de la façon dont se transmet le savoir qu?il s?agit et non simplement du savoir transmis. Cette transmission se fait-elle oralement, visuellement, par le biais de textes, dans les institutions, ou dans le cadre de la vie privée ? Liée à la transmission, certains se sont intérrogés sur la réception de ce savoir : était-on plus perméable au savoir à partir d?une transmission par la parole ou par l?image ? La réception des idées était-elle liée au degré d?éducation ou au milieu social ? Le thème choisi a été ainsi traité selon des méthodes et des points de vue différents mais qui convergent sur une question centrale : la transmission du savoir, si chère à notre collègue. 517 $aTransmission de savoirs licites et illicites dans le monde hispanique péninsulaire 517 $aTransmission de savoirs licites et illicites dans le monde hispanique péninsulaire 517 $aLa transmission de savoirs licites et illicites dans le monde hispanique péninsulaire 606 $aHistory 606 $atransmission 606 $asavoir 606 $alittérature 606 $ahistoire 606 $aart 610 $aart 610 $atransmission 610 $ahistoire 610 $alittérature 610 $asavoir 615 4$aHistory 615 4$atransmission 615 4$asavoir 615 4$alittérature 615 4$ahistoire 615 4$aart 700 $aAlcalá$b Mª Luisa Mateo$01310820 701 $aAldaz$b José Aragüés$01310821 701 $aBuezo$b Catalina$0289672 701 $aCanovas$b Anny$01282996 701 $aCavero$b Alicia Miguélez$01310822 701 $aCavero$b Gregoria$01310823 701 $aCazal$b Françoise$0389001 701 $aChauchadis$b Claude$0221749 701 $aFaccon$b Manuela$01310824 701 $aGaffard$b Ludivine$01291152 701 $aGalar$b Eva$0327624 701 $aGallego$b André$01302870 701 $aGilbert$b Françoise$0436128 701 $aGonzález$b Elena Núñez$01310825 701 $aGonzález$b Etelvina Fernández$01310826 701 $aGonzález$b Lola$01310827 701 $aGonzález Fernández$b Luis$01283006 701 $aGüell$b Monica$0435368 701 $aHirel-Wouts$b Sophie$01292223 701 $aJavier Perea Siller$b Francisco$01310828 701 $aJean-Marie$b Stéphanie$01291154 701 $aLacomba$b Marta$01291156 701 $aLelaine$b Alexandra$01310829 701 $aManuel Pedrosa$b José$01295904 701 $aMaurizi$b Françoise$0402334 701 $aPuigdengolas$b Johan$01310830 701 $aQuero$b Fabrice$01310831 701 $aRaynié$b Florence$01283018 701 $aRodríguez$b Teresa$0703396 701 $aSamson$b Alexander$0329428 701 $aSansalvador$b Andreu Coll$01310832 701 $aVallejo$b Fernando Baños$01310833 701 $aVian-Hassenforder$b Héloïse$01310834 701 $aZugasti$b Miguel$0165642 701 $aGonzález Fernández$b Luis$01310835 701 $aRodríguez$b Teresa$0703396 801 0$bFR-FrMaCLE 906 $aBOOK 912 $a9910416468403321 996 $aLa transmission de savoirs licites et illicites dans le monde hispanique péninsulaire (XIIe au XVIIe siècles)$93029915 997 $aUNINA